Statistics for Heirs Who Never Became King or Queen (of England)

Click here to take the quiz!

General Stats

  • This quiz has been taken 24 times
  • The average score is 8 of 12

Answer Stats

HintHeir% Correct
Designated the heir of Edward VI to avoid his Catholic sister Mary becoming Queen. Known as the '9-day queen' but was never crowned.Lady Jane Grey
95%
Eldest son of Henry VII and older brother of Henry VIII, named after a legendary English kingArthur
81%
Cousin of Elizabeth I, who reluctantly ordered her execution for treason in 1587Mary Queen of Scots
76%
Daughter of Henry I whose throne was seized by Stephen of Blois, prompting a 15-year civil war known as 'the Anarchy'.Matilda
76%
Son of George II and father of George III, previously thought to have been killed by a cricket ballFrederick
67%
Son of the exiled James II, became head of the Jacobites and was known as 'The Old Pretender'James III
67%
The younger of the two Princes in the Tower, disappeared alongside his brother Richard Duke of York
67%
One of the greatest knights and commanders in the 100 Years' War, father of Richard IIEdward the Black Prince
52%
Co-ruler with his father Henry II, but never became king in his own rightHenry the Young King
52%
Son of Henry I, drowned in the catastrophic sinking of the White ShipWilliam Aetheling
52%
George III's second son, heir during the reign of his elder brother George IV, who had no sonsFrederick Duke of York
48%
Selected as heiress due to the lack of heirs in the Stuart line, died less than two months before her cousin Queen AnneSophia, Electress of Hanover
48%

Score Distribution

Percentile by Number Answered

Percent of People with Each Score

Your Score History

You have not taken this quiz